| 000 | 00662cam a22002413a 4500 | ||
|---|---|---|---|
| 001 | 14196 | ||
| 003 | PGUSA | ||
| 005 | 20140828083314.0 | ||
| 008 | 041128s2004||||xxu|||||s|||||000 | eng d | ||
| 040 |
_aPGUSA _beng |
||
| 042 | _adc | ||
| 050 | 4 | _aRC | |
| 100 | 1 |
_aMyerson, Abraham, _d1881-1948 |
|
| 245 | 1 | 4 |
_aThe Nervous Housewife _h[electronic resource] / _cAbraham Myerson |
| 260 |
_bProject Gutenberg, _c2004 |
||
| 506 | _aPublic domain in the USA. | ||
| 516 | _aElectronic text | ||
| 653 | _aNeurasthenia | ||
| 653 | _aWomen -- Mental health | ||
| 830 | 0 |
_aProject Gutenberg _v14196 |
|
| 856 | 4 | 0 | _uhttp://www.gutenberg.org/ebooks/14196 |
| 942 | _cEB | ||
| 999 |
_c243451 _d243451 |
||